| 000 | 00954nam1a22002291i 4500 | ||
|---|---|---|---|
| 001 | rc\4398624 | ||
| 005 | 20240724145448.0 | ||
| 035 | _a(NLR Aleph) 008557230 | ||
| 090 |
_a8443219 _c8443219 |
||
| 100 | _a20130416d1959 |||y0rusy50 ca | ||
| 101 | 0 | _arus | |
| 102 | _aRU | ||
| 105 | _a b ||||| | ||
| 200 | 1 |
_aДеревообрабатывающее оборудование _eКаталог _e[В13 вып.] _eВып. 1- _fГос. науч.-техн. ком. Совета Министров СССР |
|
| 210 |
_a[Москва] _cЦБТИ станкостроит. и инструм. пром-сти _d[1959] |
||
| 215 | _d29 | ||
| 606 |
_aДеревообрабатывающее оборудование _jКаталоги _2psbo |
||
| 606 |
_aДеревообрабатывающие станки, универсальные _jКаталоги _2psbo |
||
| 801 | 0 |
_aRU _bNLR _gpsbo |
|
| 801 | 1 |
_aRU _bELAR _2rusmarc |
|
| 852 |
_aNLR _jПт 50.1/25 |
||
| 942 | _cBOOK | ||